Sanat - "Isän ikäinen" - Olli Halonen - Statistics

Yleistilastot
  • Tätä visaa on pelattu 23 kertaa
  • Keskiarvotulos 171 / 316
Vastaustilastot
Vastaus % Oikein
olen
100%
en
90%
ikäinen
90%
isä
90%
90%
90%
se
90%
sen
90%
isän
80%
ja
80%
Tänään
80%
et
70%
muutto
70%
nää
70%
oli
70%
pikkupoikasi
70%
sain
70%
sitä
70%
sun
70%
vieläkään
70%
aina
60%
äiti
60%
ei
60%
faija
60%
haluaisin
60%
ikävä
60%
kun
60%
lahjaksi
60%
minä
60%
mitään
60%
miten
60%
mun
60%
Mut
60%
mut
60%
nähdä
60%
nähny
60%
nailonkielisen
60%
poliiseilta
60%
sinusta
60%
sut
60%
tää
60%
tajuu
60%
ulospääsyy
60%
uudelleen
60%
ajamaan
50%
anteeks
50%
ensimmäisen
50%
eteisessä
50%
että
50%
hei
50%
Hei
50%
iteki
50%
jo
50%
jos
50%
kanssa
50%
kantokaveri
50%
kertoo
50%
kitaran
50%
kuunneltiin
50%
kyyneliin
50%
leikkiauton
50%
luistellaan
50%
50%
minusta
50%
mul
50%
mulle
50%
nähnyt
50%
olla
50%
on
50%
oo
50%
oon
50%
opetit
50%
opin
50%
pyörällä
50%
radiosta
50%
sinulta
50%
soinnutkin
50%
soitella
50%
sua
50%
taivaaseen
50%
tiedä
50%
tykkäsit
50%
uskonko
50%
vaan
50%
vaik
50%
vaikka
50%
vanhempi
50%
antanu
40%
biisejä
40%
helpompi
40%
herättiin
40%
hoki
40%
iloinen
40%
jaksoit
40%
kaiken
40%
kaikui
40%
Kalpan
40%
kantanu
40%
kaunaa
40%
käydä
40%
kuukausiin
40%
kuulisit
40%
kuulunu
40%
Landolan
40%
lopulta
40%
moni
40%
mutsi
40%
näin
40%
näytit
40%
niitä
40%
nykyään
40%
ois
40%
oisit
40%
ollu
40%
omaksi
40%
ovikelloon
40%
pelejä
40%
peliä
40%
poikasi
40%
purskahti
40%
radiossa
40%
sanoit
40%
Selänteeksi
40%
sinua
40%
soitetaan
40%
Suomi
40%
takaperin
40%
tuhat
40%
tuulinen
40%
tyhjyyttä
40%
uudestaan
40%
ylpeä
40%
yötä
40%
ysärillä
40%
faijasta
30%
istu
30%
jälkeen
30%
jännättiin
30%
juhlittiin
30%
kamojaan
30%
katsomaan
30%
katsottiin
30%
keittiön
30%
kuinka
30%
kunnes
30%
kuuletkohan
30%
lainaa
30%
mennä
30%
mietin
30%
minua
30%
Muistan
30%
pakkas
30%
pelkkää
30%
peräkonttiin
30%
pitänyt
30%
piti
30%
pöydässä
30%
rivarissa
30%
silmissä
30%
sitten
30%
sunnuntaina
30%
Suomen
30%
tahtonu
30%
teillä
30%
ton
30%
usein
30%
valuutta
30%
Yhes
30%
ysiviis
30%
eteisestä
20%
katsonu
20%
oisitkohan
20%
paljosta
20%
yksinään
20%
Ehtoja vastaavia visoja ei löytynyt
Tulosjakauma
Jokaisen tuloksen saaneiden osuus
Persentiili vastausten määrän mukaan
Tuloshistoriasi
Et ole pelannut tätä visaa